[Event "IBM"]
[Site "Amsterdam"]
[Date "1978.??.??"]
[Round "1"]
[White "Dzindzichashvili, Roman"]
[Black "Miles, Anthony J"]
[Result "1/2-1/2"]
[WhiteElo "2550"]
[BlackElo "2565"]

1.Nf3 b6 2.d4 Nf6 3.c4 e6 4.Nc3 Bb7 5.a3 d5 6.cxd5 Nxd5 7.e3 Be7 8.Bb5+ c6
9.Bd3 Nxc3 10.bxc3 O-O 11.O-O c5 12.e4 Nc6 13.Be3 Rc8 14.Qe2 cxd4 15.cxd4 Na5
16.Rfd1 Rc3 17.d5 exd5 18.Ba6 Bxa6 19.Qxa6 Qc8 20.Qxa7 dxe4 21.Qxe7 exf3
22.Qd7 Nc4 23.Qxc8 Rxc8 24.Bd4 Rb3 25.gxf3 h6 26.Rdc1 Rxf3 27.a4 Rc6 28.Rc3 Rxc3
29.Bxc3 Na5 30.Be1 f6 31.Rb1 Nc4 32.Kf1 Kf7 33.Rb5 Nd6 34.Rb1 Ke6 35.a5 b5
36.Ra1 Ra6 37.Ke2 Kd5 38.Rd1+ Kc6 39.Bb4 Nc4 40.Kf3 Ra7 41.Ra1 Kb7 42.h4 h5
43.Ke4 g6 44.Rg1 f5+ 45.Kd5 Ra6 46.Kc5 Nd6 47.Kd5 Ne8 48.Ke5 Nc7 49.Bd6 b4
50.Bxc7 Kxc7 51.Kd4 Rxa5 52.Rxg6 Ra2 53.Kc4 Rxf2 54.Kxb4 Rf4+ 55.Kc5 Rxh4
56.Rg5 Kd7 57.Kd5 Rh1 58.Rxf5 h4 59.Rh5 h3 60.Ke4 h2 61.Kf3 Rf1+ 62.Kg2 h1=R  1/2-1/2

[Event "IBM"]
[Site "Amsterdam"]
[Date "1978.??.??"]
[Round "3"]
[White "Miles, Anthony J"]
[Black "Romanishin, Oleg M"]
[Result "1/2-1/2"]
[WhiteElo "2565"]
[BlackElo "2610"]

1.c4 e5 2.Nc3 Nf6 3.Nf3 Nc6 4.e3 d6 5.d4 Bf5 6.Be2 Be7 7.d5 Nb8 8.Nd2 Nbd7
9.e4 Bg6 10.Bf3 Nc5 11.Qe2 a5 12.O-O Nfd7 13.g3 O-O 14.Bg2 f5 15.exf5 Bxf5
16.Nde4 Qe8 17.Bd2 Qg6 18.Rae1 b6 19.Nxc5 Nxc5 20.Ne4 Nd7 21.b3 Rf7 22.h3 Nc5
23.g4 Bxe4 24.Bxe4  1/2-1/2

[Event "Amsterdam zt"]
[Site "Amsterdam"]
[Date "1978.??.??"]
[Round "3"]
[White "Langeweg, Kick"]
[Black "Miles, Anthony J"]
[Result "1/2-1/2"]
[WhiteElo "2450"]
[BlackElo "2565"]

1.d4 d5 2.Nf3 Nf6 3.c4 dxc4 4.Nc3 a6 5.e4 b5 6.e5 Nd5 7.a4 Nxc3 8.bxc3 Qd5
9.g3 Bf5 10.Bg2 e6 11.O-O Qb7 12.Nh4 Be4 13.Qg4 Bxg2 14.Nxg2 h5 15.Qg5 Nd7
16.Ba3 g6 17.Bxf8 Nxf8 18.Rfb1 c6 19.Ne3 Qc8 20.Nf1 Nh7 21.Qh6 Ke7 22.Nd2 Qf8
23.Qe3 Qd8 24.Ne4 Qd5 25.h4 f5 26.Nc5 Kf7 27.axb5 axb5 28.Qh6 Nf6 29.Rxa8 Rxh6
30.Ra7+ Kg8 31.exf6 Rh7 32.Ra8+ Kf7 33.Ra7+ Kg8 34.Rba1 Rxa7 35.Rxa7 b4 36.Ra8+ Kf7
37.Ra7+ Kg8 38.Ra8+ Kf7 39.Ra7+  1/2-1/2

[Event "Amsterdam zt"]
[Site "Amsterdam"]
[Date "1978.??.??"]
[Round "4"]
[White "Miles, Anthony J"]
[Black "Meulders, Richard"]
[Result "1-0"]
[WhiteElo "2565"]
[BlackElo "2225"]

1.d4 f5 2.Bg5 c5 3.dxc5 Na6 4.e4 fxe4 5.Nc3 Nxc5 6.Be3 Ne6 7.Nxe4 Nf6 8.Bd3 g6
9.h4 Bg7 10.Nxf6+ exf6 11.Nf3 b6 12.Qe2 Bb7 13.O-O-O Qc7 14.h5 O-O-O 15.Rh4 f5
16.Ba6 f4 17.Bd4 Nxd4 18.Nxd4 Rhe8 19.Bxb7+ Kxb7 20.Qf3+ Kb8 21.Rhh1 g5 22.h6 Be5
23.Nb3 Qc6 24.Rd5 Rc8 25.c3 Rc7 26.Qd3 d6 27.Rd1 Re6 28.Rh1 Rg6 29.Kb1 Qc4
30.Qxc4 Rxc4 31.Nd2 Rc7 32.Ne4 g4 33.Kc2 Rf7 34.Kd3 f3 35.g3 Kc7 36.b4 Rf5
37.c4 Kc6 38.a4 Rf7 39.Rh5 Re7 40.a5 Ree6 41.Rf5 Re7 42.Rh5 Re8 43.a6 Rf8
44.Ke3 Re8 45.Rf5 Re7 46.Rf8 Kd7 47.b5 Ke6 48.Kd3 Rd7 49.Re8+ Re7 50.Rd8 Rd7
51.Rb8 Rc7 52.Rb7 Kd7 53.c5 bxc5 54.Nxc5+ Kc8 55.b6 Rxb7 56.axb7+ Kb8 57.Nd7+ Kxb7
58.bxa7 Kxa7 59.Nxe5 dxe5 60.Rd7+ Kb6 61.Rxh7 Rd6+ 62.Ke4 Rd2 63.Rh8 Rxf2
64.h7 Re2+ 65.Kd5 Rd2+ 66.Kxe5 f2 67.Rf8 Re2+ 68.Kd4 Rd2+ 69.Ke3 f1=N+ 70.Rxf1  1-0

[Event "IBM"]
[Site "Amsterdam"]
[Date "1978.??.??"]
[Round "4"]
[White "Ree, Hans"]
[Black "Miles, Anthony J"]
[Result "1/2-1/2"]
[WhiteElo "2500"]
[BlackElo "2565"]

1.c4 b6 2.d4 e6 3.e4 Bb7 4.Nc3 Bb4 5.f3 Qh4+ 6.g3 Qh5 7.Bd2 f5 8.exf5 Qxf5
9.Nb5 Bxd2+ 10.Qxd2 Na6 11.O-O-O Ne7 12.Bd3 Qf6 13.Nh3 Qxf3 14.Ng5 Qh5 15.Rhf1 h6
16.Nf7 O-O 17.g4 Qh4 18.Qc2 Nf5 19.gxf5 Nb4 20.Qd2 Nxd3+ 21.Qxd3 Rxf7 22.fxe6 Rxf1
23.Rxf1 dxe6 24.Qg6 Be4 25.Qf7+ Kh7 26.Nxc7 Qxh2 27.Rf2 Qg1+ 28.Kd2 Bg6 29.Qf4 Rc8
30.Re2 Qb1 31.Nxe6 Qxb2+ 32.Ke1 Qb1+ 33.Kf2 Qf5 34.Kg3 Qxf4+ 35.Kxf4 Bd3
36.Rg2 g5+ 37.Ke5 Bxc4 38.d5 Kg6 39.Rf2 Kh5 40.d6 Re8 41.Rf6 Bb5 42.Rf7 Bc4
43.Rf6 Bxe6 44.Rxe6 Rd8 45.Re7 g4 46.d7 g3 47.Ke6 Kg4 48.Re8 Rxd7 49.Kxd7 h5
50.Rg8+ Kf3 51.Rf8+ Ke3 52.Re8+ Kf3 53.Rf8+ Kg4 54.Rg8+ Kh3 55.Ke6 g2 56.Kf5 Kh2
57.Rh8 g1=Q 58.Rxh5+ Kg3 59.Rg5+ Kf2 60.Rxg1 Kxg1 61.Ke5 Kf2 62.Kd5  1/2-1/2

[Event "IBM"]
[Site "Amsterdam"]
[Date "1978.??.??"]
[Round "5"]
[White "Miles, Anthony J"]
[Black "Andersson, Ulf"]
[Result "1/2-1/2"]
[WhiteElo "2565"]
[BlackElo "2545"]

1.d4 e6 2.c4 Nf6 3.Nf3 b6 4.Bf4 Bb7 5.e3 Be7 6.Nc3 Nh5 7.Bg3 d6 8.Bd3 Nd7
9.Qc2 g6 10.Be4 Bxe4 11.Qxe4 O-O 12.Qc6 a6 13.a4 Ra7 14.a5 Nb8 15.Qe4 c5
16.axb6 Qxb6 17.Rb1 cxd4 18.exd4 Qb4 19.Nd2 Rd7 20.O-O d5 21.cxd5 Nf6 22.Qd3 Nxd5
23.Nf3 Qb7 24.Ne4 Nf6 25.Rfe1 Nc6 26.Neg5 Rfd8 27.Ne5 Nxe5 28.Bxe5 Nh5 29.Nf3 Ng7
30.Ra1 a5 31.Rxa5 Nf5 32.Raa1 Qd5 33.Qe2 Rb7 34.Rec1 h5 35.h3 h4 36.Rc2 Re8
37.Rac1 Rd8 38.Rc7 Rxc7 39.Rxc7 Bd6 40.Bxd6 Qxd6 41.Rc4 Qb6 42.Qc2 Nxd4 43.Nxd4 Rxd4
44.Rxd4 Qxd4 45.Qc8+ Kg7 46.Qc7 Kg8 47.Qb8+ Kg7 48.b4 e5 49.b5 Qc5 50.Kh2 f6
51.b6 Qxf2 52.Qc7+ Kh8 53.Qc8+ Kg7 54.Qc7+ Kh8 55.Qd8+ Kg7 56.Qc7+ Kh8  1/2-1/2

[Event "Amsterdam zt"]
[Site "Amsterdam"]
[Date "1978.??.??"]
[Round "5"]
[White "Morrison, Graham"]
[Black "Miles, Anthony J"]
[Result "0-1"]
[WhiteElo "2230"]
[BlackElo "2565"]

1.c4 b6 2.d4 e6 3.Nf3 Nf6 4.g3 Ba6 5.b3 Bb4+ 6.Bd2 Be7 7.Bg2 c6 8.O-O O-O
9.Bc3 d5 10.Ne5 Nfd7 11.Nxd7 Nxd7 12.Nd2 Rc8 13.a4 Bf6 14.e4 c5 15.exd5 cxd4
16.Bb4 Be7 17.Bxe7 Qxe7 18.dxe6 fxe6 19.Qc2 Rce8 20.Rae1 e5 21.Bc6 Bc8 22.h4 Kh8
23.Ne4 Rd8 24.Ng5 Nf6 25.Bg2 h6 26.Ne4 Bf5 27.Qd3 Rfe8 28.Re2 Bg4 29.Rd2 Nd7
30.Qb1 a5 31.Re1 Rf8 32.Kh2 Bf5 33.Qb2 Qb4 34.Bh3 Bxh3 35.Kxh3 Rf3 36.Rb1 Nc5
37.Nxc5 bxc5 38.Re2 Rdf8 39.Qd2 Qb6 40.Kg2 Qf6 41.Qxa5  0-1

[Event "IBM"]
[Site "Amsterdam"]
[Date "1978.??.??"]
[Round "6"]
[White "Pfleger, Helmut"]
[Black "Miles, Anthony J"]
[Result "1/2-1/2"]
[WhiteElo "2530"]
[BlackElo "2565"]

1.g3 Nf6 2.Bg2 d5 3.Nf3 Bf5 4.c4 c6 5.b3 e6 6.O-O h6 7.Bb2 Nbd7 8.d3 Be7
9.Nbd2 Bh7 10.Qc2 O-O 11.a3 a5 12.Ne5 Nxe5 13.Bxe5 Nd7 14.Bc3 b5 15.cxb5 cxb5
16.Qb2 f6 17.Bh3 Ra6 18.b4 a4 19.f4 Qe8 20.Nf3 Qh5 21.Bg2 Rb8 22.Rac1 Kh8
23.Rc2 Bd6 24.Rfc1 e5 25.Bd2 Re8 26.Rc6 Rxc6 27.Rxc6 Bb8 28.fxe5 Nxe5 29.Nxe5 Bxe5
30.d4 Bb8 31.Bf3 Qh3 32.Qc3  1/2-1/2

[Event "IBM"]
[Site "Amsterdam"]
[Date "1978.??.??"]
[Round "7"]
[White "Miles, Anthony J"]
[Black "Browne, Walter S"]
[Result "1/2-1/2"]
[WhiteElo "2565"]
[BlackElo "2550"]

1.d4 Nf6 2.Nf3 e6 3.c4 b6 4.Bf4 Bb7 5.e3 Be7 6.h3 O-O 7.Nc3 d5 8.cxd5 Nxd5
9.Nxd5 Bxd5 10.Bd3 Bb4+ 11.Ke2 Bd6 12.Bxd6 cxd6 13.Qc2 f5 14.Bc4 Bxf3+ 15.gxf3 Qf6
16.Rac1 Kh8 17.Bb3 f4 18.Qe4 d5 19.Qxf4 Qxf4 20.exf4 Nd7 21.Rc7 Nf6 22.f5 Nh5
23.fxe6 Nf4+ 24.Ke3 Nxe6 25.Re7 Nf4 26.Rg1 Ng6 27.Re6 Nf4 28.Re5 Ng6 29.Bxd5 Nxe5
30.Bxa8 Nc4+ 31.Kd3 Nxb2+ 32.Kc3 Na4+ 33.Kb4 Rxa8 34.Kxa4 Rd8 35.Rg4 Rd5
36.Kb4 Kg8 37.Re4 Kf7 38.Kc4 Ra5 39.Re2 a6 40.d5 Ra4+ 41.Kd3 Ra3+ 42.Kd4 Ra4+
43.Ke5 Ke7 44.Rb2 b5 45.Rc2 Kd7 46.f4 b4 47.f3 Ra3 48.Rg2 g6 49.f5 Rxf3 50.fxg6 hxg6
51.Rxg6 Re3+ 52.Kd4 Rxh3 53.Kc5 Rc3+ 54.Kxb4 Rd3 55.Kc4 Ra3 56.Rg2 Kd6 57.Kb4 Rd3
58.Rg6+ Kxd5 59.a4 Rd4+ 60.Ka5 Kc5 61.Rxa6 Rd8 62.Ra7 Rc8  1/2-1/2

[Event "Amsterdam zt"]
[Site "Amsterdam"]
[Date "1978.??.??"]
[Round "8"]
[White "Miles, Anthony J"]
[Black "Feller, Joseph"]
[Result "1-0"]
[WhiteElo "2565"]
[BlackElo "2225"]

1.c4 Nf6 2.Nc3 g6 3.e4 c5 4.Nf3 Nc6 5.d4 cxd4 6.Nxd4 Nxd4 7.Qxd4 d6 8.Bg5 Bg7
9.f3 O-O 10.Qd2 Be6 11.Rc1 Qa5 12.Be2 Rfc8 13.Nd5 Qxd2+ 14.Kxd2 Kf8 15.Nxf6 Bxf6
16.Bxf6 exf6 17.Bd3 a5 18.b3 Rc5 19.Rc2 b6 20.a3 Rac8 21.Rhc1 h5 22.Ke3 Ke7
23.Kd4 h4 24.f4 Rh8 25.b4 axb4 26.axb4 Rc7 27.Ra1 Rb8 28.Rca2 Rbc8 29.Ra7 Kd8
30.Rxc7 Kxc7 31.f5 Bd7 32.Ra7+ Kd8 33.g3 hxg3 34.hxg3 Rc7 35.Ra8+ Rc8 36.Ra6 Rb8
37.Ra7 gxf5 38.exf5 b5 39.cxb5 Bxb5 40.Rxf7 Ke8 41.Rxf6 Bxd3 42.Kxd3 Rxb4
43.Ke3 d5 44.Rd6 Re4+ 45.Kf3 Rd4 46.g4 Ke7 47.Re6+ Kf7 48.g5 Rd1 49.Ra6 Rf1+
50.Kg4 d4  1-0

[Event "IBM"]
[Site "Amsterdam"]
[Date "1978.??.??"]
[Round "9"]
[White "Miles, Anthony J"]
[Black "Nikolac, Juraj"]
[Result "0-1"]
[WhiteElo "2565"]
[BlackElo "2495"]

1.d4 d5 2.c4 e6 3.g3 c6 4.Bg2 Nf6 5.Nf3 Nbd7 6.O-O Be7 7.Qc2 O-O 8.b3 b6
9.Rd1 Bb7 10.Nc3 Qc8 11.Bb2 b5 12.Rac1 bxc4 13.bxc4 Nb6 14.cxd5 cxd5 15.Qb3 Nc4
16.Ne5 Rb8 17.Ba1 Ba6 18.Qc2 Ba3 19.Rb1 Rxb1 20.Qxb1 Nd7 21.e4 Ndxe5 22.dxe5 d4
23.Nb5 Qc5 24.Nxd4 Nxe5 25.Qc2 Rd8 26.Qa4 Bc4 27.Bf1 Bxf1 28.Kxf1 Bb4 29.Kg2 Qc4
30.a3 Bf8 31.Qxa7 Nc6 32.Qc7 e5 33.Qxc6 Qxc6 34.Nxc6 Rxd1 35.Bxe5 Bxa3 36.g4 Rc1
37.Nd4 Rc4 38.Kf3 f6 39.Nb5 fxe5  0-1

[Event "IBM"]
[Site "Amsterdam"]
[Date "1978.??.??"]
[Round "11"]
[White "Miles, Anthony J"]
[Black "Timman, Jan H"]
[Result "1/2-1/2"]
[WhiteElo "2565"]
[BlackElo "2585"]

1.Nf3 Nf6 2.c4 c5 3.g3 b6 4.Bg2 Bb7 5.b3 g6 6.Bb2 Bg7 7.Nc3 O-O 8.O-O Na6
9.d4 d5 10.dxc5 Nxc5 11.Nxd5 Nxd5 12.Bxg7 Kxg7 13.cxd5 Qxd5 14.Qxd5  1/2-1/2

[Event "Amsterdam zt"]
[Site "Amsterdam"]
[Date "1978.??.??"]
[Round "11"]
[White "Roos, Louis"]
[Black "Miles, Anthony J"]
[Result "0-1"]
[WhiteElo "2200"]
[BlackElo "2565"]

1.e4 c5 2.Nc3 Nc6 3.g3 Rb8 4.f4 g6 5.Nf3 Bg7 6.Bg2 b5 7.O-O d6 8.d3 b4 9.Nd5 e6
10.Ne3 Nge7 11.a3 a5 12.axb4 axb4 13.f5 exf5 14.exf5 Nxf5 15.Nxf5 Bxf5 16.Ng5 Ne5
17.Bd5 Qd7 18.c3 bxc3 19.bxc3 O-O 20.d4 cxd4 21.cxd4 Nd3 22.Be3 Nb4 23.Bxf7+ Rxf7
24.Qb3 Bh6 25.Nxf7 Bxe3+ 26.Qxe3 Qxf7 27.Rab1 Qd5 28.Rb2 Bh3 29.Rfb1 Rf8
30.g4 Rf3 31.Qe8+ Kg7 32.Qe7+ Rf7 33.Qe3 h5 34.gxh5 Qf5 35.Qe2 Qg5+ 36.Kh1 Qd5+
37.Kg1 Qg5+ 38.Kh1 Qd5+ 39.Kg1  0-1

[Event "IBM"]
[Site "Amsterdam"]
[Date "1978.??.??"]
[Round "12"]
[White "Ljubojevic, Ljubomir"]
[Black "Miles, Anthony J"]
[Result "1/2-1/2"]
[WhiteElo "2605"]
[BlackElo "2565"]

1.e4 c5 2.Nf3 d6 3.d4 cxd4 4.Nxd4 Nf6 5.Nc3 g6 6.Bc4 Bg7 7.h3 O-O 8.Bb3 a6
9.O-O b5 10.a4 Bb7 11.Bg5 b4 12.Nd5 Nbd7 13.a5 Rc8 14.Re1 Nc5 15.Bxf6 exf6
16.Nxb4 Nxb3 17.cxb3 Re8 18.Qd2 f5 19.exf5 Rxe1+ 20.Rxe1 Qxa5 21.Re7 Ba8
22.Kh2 Bf6 23.Re2 Qc5 24.Nbc2 Qd5 25.f4 Kg7 26.fxg6 hxg6 27.Qe3 Rc7 28.Rd2  1/2-1/2

[Event "Amsterdam zt"]
[Site "Amsterdam"]
[Date "1978.??.??"]
[Round "12"]
[White "Miles, Anthony J"]
[Black "Keogh, Eamon"]
[Result "1-0"]
[WhiteElo "2565"]
[BlackElo "2200"]

1.e4 e5 2.Nf3 Nc6 3.Bc4 Bc5 4.c3 Nf6 5.d3 d6 6.b4 Bb6 7.a4 a6 8.O-O O-O 9.Bg5 Bg4
10.Nbd2 h6 11.Bh4 g5 12.Bg3 Nh5 13.Ba2 Qf6 14.Nc4 Ba7 15.Ne3 Bxe3 16.fxe3 Nxg3
17.hxg3 Qe7 18.Rf2 Be6 19.Nh2 Bxa2 20.Raxa2 Qe6 21.Ng4 Kg7 22.Nf6 Ne7 23.Ra1 Ng8
24.Nh5+ Kg6 25.Rf5 f6 26.Qg4 Kf7 27.Raf1 Ke7 28.d4 c6 29.Rd1 Qc4 30.dxe5  1-0

[Event "IBM"]
[Site "Amsterdam"]
[Date "1978.??.??"]
[Round "13"]
[White "Miles, Anthony J"]
[Black "Langeweg, Kick"]
[Result "1/2-1/2"]
[WhiteElo "2565"]
[BlackElo "2450"]

1.d4 Nf6 2.Nf3 d5 3.c4 e6 4.Nc3 Bb4 5.Bg5 h6 6.Bxf6 Qxf6 7.e3 O-O 8.Rc1 dxc4
9.Bxc4 c5 10.dxc5 Bxc5 11.O-O Rd8 12.Qe2 Qe7 13.a3 Bd7 14.Ba2 Be8 15.Bb1 Nd7
16.b4 Bd6 17.Nb5 Nf6 18.Nxd6 Rxd6 19.e4 Rdd8 20.Qc2 Nh7 21.e5 Nf8 22.Qc3 Ba4
23.Be4 Rd7 24.Rfe1 Qd8 25.g3 Ng6 26.Qe3  1/2-1/2

[Event "Amsterdam zt"]
[Site "Amsterdam"]
[Date "1978.??.??"]
[Round "13"]
[White "Stean, Michael"]
[Black "Miles, Anthony J"]
[Result "1/2-1/2"]
[WhiteElo "2510"]
[BlackElo "2565"]

1.c4 b6 2.d4 e6 3.a3 Nf6 4.Nc3 d5 5.cxd5 Nxd5 6.e4 Nxc3 7.bxc3 Bb7 8.Bd3 c5
9.Nf3 Be7 10.O-O O-O 11.Ra2 Nc6 12.d5 exd5 13.exd5 Na5 14.c4 b5 15.cxb5 c4
16.Be4 f5 17.Bb1 Qxd5 18.Qe1 Bd8 19.Rd2 Qxb5 20.Qe6+ Kh8 21.Ne5 Qe8 22.Bxf5 Bc7
23.Bb2 Rf6 24.Qxe8+ Rxe8 25.g4 Kg8 26.Re1 Rb6 27.f4 Rb3 28.Rc1 Bb6+ 29.Bd4 Rd8
30.Be6+ Kf8 31.Nd7+ Ke7 32.Nxb6 Kxe6 33.Nxc4 Nxc4 34.Rxc4 g6 35.Rc7 Bf3 36.Rxh7 Rxa3
37.h3 Be4 38.Be3 Rxd2 39.Bxd2 Ra2 40.Bc3 a5 41.Ra7 Rg2+ 42.Kf1 Rg3 43.Be5 Rxh3
44.Rxa5 Rh4  1/2-1/2

[Event "Amsterdam zt"]
[Site "Amsterdam"]
[Date "1978.??.??"]
[Round "15"]
[White "Sanz Alonso, Francisco Javier"]
[Black "Miles, Anthony J"]
[Result "0-1"]
[WhiteElo "2330"]
[BlackElo "2565"]

1.e4 c5 2.c3 Nf6 3.e5 Nd5 4.d4 cxd4 5.cxd4 b6 6.Nf3 e6 7.a3 Be7 8.Bd3 Bb7
9.O-O Na6 10.Re1 Nac7 11.Nbd2 O-O 12.Ne4 f5 13.exf6 gxf6 14.Qd2 Rf7 15.Qh6 Rg7
16.Qh3 f5 17.Bh6 fxe4 18.Rxe4 Nf6 19.Rh4 Bf8 20.Bxg7 Bxg7 21.Re1 Bxf3 22.gxf3 Qe7
23.Kh1 Kf7 24.f4 Rg8 25.f5 Qd6 26.fxe6+ dxe6 27.Qf3 Ke7 28.Bc4 Ncd5 29.Re5 Qc6
30.Bf1 Bh8 31.Rh3 h5 32.Rg3 Rf8 33.Bh3 Ng4  0-1

[Event "Buenos Aires ol (Men)"]
[Site "Buenos Aires"]
[Date "1978.??.??"]
[Round "?"]
[White "Miles, Anthony J"]
[Black "Spassky, Boris V"]
[Result "1-0"]
[WhiteElo "2565"]
[BlackElo "2630"]

1.d4 Nf6 2.Nf3 b6 3.c4 e6 4.Bf4 Bb7 5.e3 Be7 6.h3 O-O 7.Nc3 d5 8.cxd5 exd5
9.Bd3 c5 10.O-O Nc6 11.Ne5 a6 12.Qf3 Re8 13.Rad1 cxd4 14.Nxc6 Bxc6 15.exd4 b5
16.a3 Ne4 17.Bb1 Qb6 18.Rfe1 Nxc3 19.Qxc3 b4 20.Qg3 bxa3 21.bxa3 Ba4 22.Rc1 Qb2
23.Bxh7+ Kxh7 24.Rxe7 Rxe7 25.Qh4+ Kg8 26.Qxe7 Qxd4 27.Be5 Qb6 28.Qg5 Qh6
29.Qxh6 gxh6 30.Rc3 Kf8 31.Rc5 Rd8 32.Bf6 Rd6 33.Rc8+ Be8 34.Bd4 Re6 35.Rd8 Kg8
36.Rxd5 Re1+ 37.Kh2 Rd1 38.Rd8 Kh7 39.g4 Rd3 40.f4 a5 41.f5  1-0

[Event "Buenos Aires ol (Men)"]
[Site "Buenos Aires"]
[Date "1978.??.??"]
[Round "?"]
[White "Radulov, Ivan"]
[Black "Miles, Anthony J"]
[Result "1/2-1/2"]
[WhiteElo "2490"]
[BlackElo "2565"]

1.e4 c6 2.d4 d5 3.Nc3 dxe4 4.Nxe4 Bf5 5.Ng3 Bg6 6.Nf3 Nd7 7.h4 h6 8.Bd3 Bxd3
9.Qxd3 e6 10.Bd2 Ngf6 11.O-O-O Qc7 12.Kb1 Bd6 13.Ne4 Nxe4 14.Qxe4 O-O 15.Qe2 Rfe8  1/2-1/2

[Event "Buenos Aires ol (Men)"]
[Site "Buenos Aires"]
[Date "1978.??.??"]
[Round "?"]
[White "Miles, Anthony J"]
[Black "Schmidt, Wlodzimierz"]
[Result "1/2-1/2"]
[WhiteElo "2565"]
[BlackElo "2505"]

1.c4 c5 2.Nf3 Nf6 3.Nc3 d5 4.cxd5 Nxd5 5.e4 Nb4 6.Bb5+ N8c6 7.d4 cxd4 8.a3 dxc3
9.Qxd8+ Kxd8 10.axb4 cxb2 11.Bxb2 e5 12.O-O-O+ Kc7 13.Bxc6 bxc6 14.Bxe5+ Kb7
15.Bc3 Be7 16.Ne5 f6 17.Nf7 Re8 18.e5 fxe5 19.Rhe1 Bf8 20.Nd8+ Kb6 21.Bxe5 Kb5
22.Bc3 Rxe1 23.Rxe1 Bd7 24.Ne6 Bxe6 25.Rxe6 c5 26.bxc5 Rc8 27.Kd2 Bxc5 28.f4  1/2-1/2

[Event "Buenos Aires ol (Men)"]
[Site "Buenos Aires"]
[Date "1978.??.??"]
[Round "?"]
[White "Miles, Anthony J"]
[Black "Portisch, Lajos"]
[Result "0-1"]
[WhiteElo "2565"]
[BlackElo "2630"]

1.d4 d5 2.c4 dxc4 3.e4 Nf6 4.e5 Nd5 5.Bxc4 Nb6 6.Bb3 Nc6 7.Ne2 Bf5 8.Nbc3 e6
9.Bf4 Nb4 10.O-O Be7 11.Qd2 N4d5 12.Be3 O-O 13.Ng3 Bg6 14.f4 c5 15.Bxd5 Nxd5
16.dxc5 Nxe3 17.Qxe3 Qd3 18.Qxd3 Bxc5+ 19.Kh1 Bxd3 20.Rfd1 Rad8 21.Nge4 Be3
22.g3 f6 23.Nd6 Bg6 24.Nc4 Bd4 25.Kg2 Be8 26.exf6 gxf6 27.Rac1 Bc6+ 28.Kf1 Bc5
29.Ke2 a6 30.Nd2 Kf7 31.Nce4 Bd4 32.Nc3 Ke7 33.Nf3 Ba7 34.Ne1 Rxd1 35.Rxd1 Be8
36.Kf3 Rg8 37.Rc1 Bh5+ 38.Kg2 Be3 39.Rc2 Bxf4 40.Ne4 Bb8 41.Nc5 Rc8  0-1

[Event "Buenos Aires ol (Men)"]
[Site "Buenos Aires"]
[Date "1978.??.??"]
[Round "?"]
[White "Kavalek, Lubomir"]
[Black "Miles, Anthony J"]
[Result "1/2-1/2"]
[WhiteElo "2570"]
[BlackElo "2565"]

1.e4 c5 2.Nf3 d6 3.Nc3 Nc6 4.d4 cxd4 5.Nxd4 g6 6.Nd5 Bg7 7.Be3 Nf6 8.Nxf6+ Bxf6
9.Be2 O-O 10.O-O Bd7 11.Qd2 Nxd4 12.Bxd4 Bxd4 13.Qxd4 Rc8 14.c4 Qa5  1/2-1/2

[Event "Lone Pine op"]
[Site "Lone Pine"]
[Date "1978.??.??"]
[Round "1"]
[White "Rohde, Michael A"]
[Black "Miles, Anthony J"]
[Result "0-1"]
[WhiteElo "2425"]
[BlackElo "2565"]

1.e4 c5 2.Nf3 e6 3.d4 cxd4 4.Nxd4 a6 5.Bd3 Nc6 6.Nxc6 dxc6 7.O-O e5 8.Nd2 Bd6
9.Nc4 Bc7 10.b3 Ne7 11.Qh5 Ng6 12.Ba3 b5 13.Ne3 Nf4 14.Qf3 Bd6 15.Bxd6 Qxd6
16.Rfd1 Qc5 17.a4 Rb8 18.axb5 axb5 19.Rab1 O-O 20.b4 Qe7 21.Bf1 g6 22.c3 h5
23.Rd2 Be6 24.Rbd1 Ra8 25.Rd6 Rfc8 26.h4 Bb3 27.R1d2 Qxh4 28.g3 Qg5 29.Kh2 Ne6
30.Rb2 Qe7 31.Rdd2 Ng5 32.Qh1 Ra3 33.Bg2 Rca8 34.f4 exf4 35.gxf4 Ne6 36.Kg3 Qf6
37.f5 Qxc3 38.Qe1 Qe5+ 39.Kf2 Nf4 40.Bf3 Qxb2 41.Rxb2 Nd3+ 42.Ke2 Nxe1 43.Kxe1 Bc4
44.Kf2 Ra2 45.Rxa2 Rxa2+ 46.Kg3  0-1

[Event "Lone Pine op"]
[Site "Lone Pine"]
[Date "1978.??.??"]
[Round "2"]
[White "Miles, Anthony J"]
[Black "Mestrovic, Zvonimir"]
[Result "1-0"]
[WhiteElo "2565"]
[BlackElo "2435"]

1.d4 Nc6 2.d5 Ne5 3.e4 e6 4.dxe6 dxe6 5.Qxd8+ Kxd8 6.f4 Nc6 7.Nf3 Nf6 8.Bd3 Bc5
9.c3 a5 10.Ke2 e5 11.fxe5 Ng4 12.Bg5+ Ke8 13.Bf4 Nf2 14.Rf1 Nxd3 15.Kxd3 Be6
16.Nbd2 h6 17.Be3 Bxe3 18.Kxe3 a4 19.b4 axb3 20.axb3 Ke7 21.b4 b6 22.b5 Na5
23.Nd4 Rhd8 24.Ra4 Rac8 25.Rfa1 c5 26.Nf5+ Bxf5 27.exf5 c4 28.Ne4 Rd5 29.Kf4 g5+
30.fxg6 fxg6 31.Rxa5 bxa5 32.Rxa5 g5+ 33.Kf5 Rf8+ 34.Nf6 Rxf6+ 35.Ke4  1-0

[Event "Lone Pine op"]
[Site "Lone Pine"]
[Date "1978.??.??"]
[Round "6"]
[White "Miles, Anthony J"]
[Black "Benko, Pal C"]
[Result "1/2-1/2"]
[WhiteElo "2565"]
[BlackElo "2485"]

1.d4 d5 2.c4 e6 3.Nc3 Be7 4.Nf3 Nf6 5.Bg5 h6 6.Bh4 O-O 7.Qc2 Ne4 8.Bxe7 Qxe7
9.e3 Nxc3 10.Qxc3 dxc4 11.Bxc4 b6 12.O-O Bb7 13.Be2 Rc8 14.b4 Nd7 15.Rfc1 a6
16.Rab1 Bd5 17.a3 Qd8 18.Nd2 c5 19.bxc5 bxc5 20.e4 Bc6 21.f3 cxd4 22.Qxd4 Bb5
23.Nc4 Rc7 24.Re1 Bxc4 25.Bxc4 Qe7 26.Re3 Qc5 27.Qxc5 Nxc5 28.Bf1 Kf8 29.Rc3 Ke7
30.Rbc1 Rac8 31.e5 a5 32.Bb5 Na6 33.Rxc7+ Rxc7 34.Rd1 Nc5 35.Kf2 f6 36.exf6+ Kxf6
37.Ke3 Nb3 38.h4 Rc5 39.a4 Re5+ 40.Kf2 Rc5 41.Kg3 Rd5 42.Rxd5 exd5 43.Kf4 g5+
44.hxg5+ hxg5+ 45.Kg4 Nd4 46.Bd3 Ne6 47.g3  1/2-1/2

[Event "Lone Pine op"]
[Site "Lone Pine"]
[Date "1978.??.??"]
[Round "7"]
[White "Miles, Anthony J"]
[Black "Zaltsman, Vitaly F"]
[Result "0-1"]
[WhiteElo "2565"]
[BlackElo "2440"]

1.c4 Nf6 2.Nc3 e6 3.e4 c5 4.e5 Ng8 5.Nf3 Nc6 6.d4 cxd4 7.Nxd4 Nxe5 8.Bf4 Ng6
9.Bg3 Nf6 10.Ndb5 e5 11.Bd3 a6 12.Qa4 Bc5 13.O-O-O O-O 14.Bxg6 fxg6 15.Bxe5 Ng4
16.Bd6 Nxf2 17.Bxc5 Qg5+ 18.Kb1 Qxc5 19.Rd5 axb5 20.Qxa8 Qxc4 21.Re1 d6 22.Qa5 Bf5+
23.Ka1 Nd3 24.b3 Qc6 25.Rxd3 Bxd3 26.Rd1 Rf1 27.Rxf1 Bxf1 28.g3 h6 29.Qb4 Qc5
30.Qxc5 dxc5 31.Ne4 b6 32.Nd6 b4 33.Nc8 b5 34.Nd6 Kf8 35.Ne4 c4 36.Nc5 Ke7
37.Na6 cxb3 38.axb3 Kf6 39.Nxb4 Kf5 40.Nc2 Ke4 41.Kb2 Bd3 42.Nb4 Be2 43.Kc3 Kf3
44.Nd5 Bf1 45.Kb4 g5 46.Nc3 Kg2 47.Nxb5 Kxh2 48.Nd6  0-1

[Event "Montilla/Moriles"]
[Site "Montilla"]
[Date "1978.??.??"]
[Round "8"]
[White "Miles, Anthony J"]
[Black "Rivas Pastor, Manuel"]
[Result "1-0"]
[WhiteElo "2565"]
[BlackElo "2200"]

1.d4 d5 2.c4 dxc4 3.e4 e5 4.Nf3 exd4 5.Bxc4 Bb4+ 6.Nbd2 Nc6 7.O-O Be6 8.Bxe6 fxe6
9.Nb3 Nf6 10.Nfxd4 Nxe4 11.Qh5+ g6 12.Qg4 Nxd4 13.Qxe4 Nxb3 14.axb3 Qe7 15.Bh6 Bd6
16.Qxb7 Kf7 17.Rfd1 Rab8 18.Qf3+ Qf6 19.Rd3 Rhc8 20.Rxa7 Qxf3 21.Rxf3+ Ke8
22.Ra4 Rb5 23.Re4 Re5 24.Rxe5 Bxe5 25.Re3 Rd8 26.Kf1 Rd5 27.f4 Bxb2 28.Rxe6+ Kd7
29.Re2 Bf6 30.Bf8 Rd3 31.b4 h5 32.g3 h4 33.Kf2 hxg3+ 34.hxg3 g5 35.fxg5 Bxg5
36.Re4 Bf6 37.Bc5 Bc3 38.g4 Bf6 39.Be3 Rd5 40.Kf3 Be7 41.Rc4 Rb5 42.Bc5 Bg5
43.Ke4 Ke6 44.Rc2 Rb8 45.Ra2 Be7 46.Kd4 Bf6+ 47.Kc4 Rg8 48.Rg2 Kd7 49.Be3 Re8
50.Kd3 Be7 51.Bd2 Rg8 52.g5 Ke6 53.g6 Kf5 54.g7 Ke6 55.Kc4 Kf7 56.Bc3 c6
57.Rf2+ Kg6 58.Bd4 Bh4 59.Rf8 Kh7 60.Rf7 Bg3 61.Kc5 Be1 62.Rf1 Bd2 63.Rd1 Bh6
64.Rh1 Kg6 65.Kxc6  1-0

[Event "Reykjavik"]
[Site "Reykjavik"]
[Date "1978.??.??"]
[Round "?"]
[White "Miles, Anthony J"]
[Black "Hort, Vlastimil"]
[Result "1/2-1/2"]
[WhiteElo "2565"]
[BlackElo "2620"]

1.c4 Nf6 2.Nc3 g6 3.Nf3 Bg7 4.e4 d6 5.d4 O-O 6.Be2 e5 7.O-O Nbd7 8.Be3 Qe7
9.dxe5 dxe5 10.Nd5 Qd8 11.Qc2 Ng4 12.Bg5 f6 13.Bd2 c6 14.Ne3 f5 15.exf5 Nxe3
16.Bxe3 gxf5 17.c5 Kh8 18.Rad1 f4 19.Bc1 Qe7 20.Rfe1 Nxc5 21.b4 Ne6 22.Bc4 Qxb4
23.Rxe5 Bxe5 24.Nxe5 Ng7 25.Nf7+ Rxf7 26.Bxf7 Bf5 27.Qb3 Qxb3 28.Bxb3 f3
29.gxf3 Re8 30.Bf7 Rf8 31.Bb2 h6 32.Bb3 Re8 33.Rd6 Kh7 34.Rf6 Re7 35.Rf8 Kg6
36.h4 Nh5 37.Rg8+ Kh7 38.Rh8+ Kg6 39.Rg8+ Kh7 40.Bd4 b6 41.Rh8+ Kg6 42.Rg8+ Kh7
43.Rh8+ Kg6 44.Rg8+  1/2-1/2

[Event "Reykjavik"]
[Site "Reykjavik"]
[Date "1978.??.??"]
[Round "?"]
[White "Miles, Anthony J"]
[Black "Olafsson, Fridrik"]
[Result "1/2-1/2"]
[WhiteElo "2565"]
[BlackElo "2530"]

1.c4 e5 2.Nc3 Nf6 3.Nf3 Nc6 4.e3 Bb4 5.Qc2 O-O 6.Nd5 Re8 7.Bd3 h6 8.a3 Bf8
9.h4 Nxd5 10.cxd5 Nd4 11.Bh7+ Kh8 12.exd4 exd4+ 13.Kd1 g6 14.Bxg6 fxg6 15.Qxg6 Re7
16.b4 Qe8 17.Qxe8 Rxe8 18.Bb2 b6 19.Bxd4+ Kh7 20.Rc1 Bd6 21.Re1 Bb7 22.Be5 Bxd5
23.d4 Rg8 24.Bxd6 cxd6 25.Re7+ Kh8 26.Rxd7 Rxg2 27.Ne1 Rg4 28.Rc3 Rxh4 29.Rxd6 Rxd4+
30.Kc1 Re4 31.Nd3 Bc4 32.f3 Re6 33.Rd7 Bb5 34.Rd5 Bxd3 35.Rcxd3 Rae8 36.Kd2 Kg7
37.f4 R8e7 38.Kc3 Re3 39.Kc4 R7e4+ 40.R3d4 Rxd4+ 41.Kxd4 Rxa3 42.Ke5 Re3+
43.Kf5 Re7 44.b5 Rf7+ 45.Ke5 Rc7 46.Ke6 Rf7 47.f5 h5 48.Rd1 Rf6+ 49.Ke5 h4
50.Rg1+ Kf7 51.Ra1 Rh6 52.Rxa7+ Kg8 53.Ra8+  1/2-1/2

[Event "Reykjavik"]
[Site "Reykjavik"]
[Date "1978.??.??"]
[Round "?"]
[White "Miles, Anthony J"]
[Black "Polugaevsky, Lev"]
[Result "1/2-1/2"]
[WhiteElo "2565"]
[BlackElo "2620"]

1.c4 Nf6 2.Nc3 e6 3.e4 c5 4.e5 Ng8 5.Nf3 Nc6 6.d4 cxd4 7.Nxd4 Nxe5 8.Ndb5 a6
9.Nd6+ Bxd6 10.Qxd6 f6 11.Be3 Ne7 12.Bb6 Nf5 13.Bxd8 Nxd6 14.Bc7 Ke7 15.c5 Ne8
16.Bb6 d5 17.cxd6+ Nxd6 18.O-O-O Nef7 19.g3 Bd7 20.Bh3 Rhc8 21.Rhe1 e5 22.Bg2 Bc6
23.Bh3 Bd7 24.Bg2 Bc6 25.Bh3  1/2-1/2